| 000 | 00000nam##2200000za#4500 |
| 001 | 9.645090 |
| 003 | CaOODSP |
| 005 | 20250506145324 |
| 007 | ta |
| 008 | 150407|1992||||xxc||||| f|0| 0 eng|d |
| 020 | |a0-662-19588-4 |
| 040 | |aCaOODSP|beng |
| 043 | |an-cn--- |
| 086 | 1 |aA43-1881/1992E |
| 110 | 1 |aCanada.|bAgriculture Canada. |
| 245 | 10|aInsects infesting seed alfalfa in the Prairie Provinces: a field guide / |cby B. D. Schaber, Research Station, Lethbridge, Alberta. |
| 260 | |aOttawa - Ontario : |bAgriculture Canada |c1992. |
| 300 | |a26p. : |bcoloured illus. ; |c18 cm. |
| 563 | |aSoftcover |
| 590 | |a92-33|b1992-08-14 |
| 720 | 1 |aSchaber, B. D. |
| 775 | 08|tGuide d'identification des insectes qui s'attaquent à la luzerne de semence dans les provinces des Prairies / |w(CaOODSP)9.678867 |
| 776 | 0#|tInsects infesting seed alfalfa in the prairie provinces |w(CaOODSP)9.699315 |
| 986 | |aPublication 1881/E |